000 00702nam a2200277Ia 4500
005 20260324141334.0
008 008 260324s9999 xx 000 0 eng d
020 _a9781315479736
037 _aEBOOK
040 _aCRL
040 _beng
040 _cCRL
041 _2eng
041 _aeng
084 _qCRL
100 _aGraham Hodges; Henri Gregoire
_91207822
245 3 _aAn Enquiry Concerning the Intellectual and Moral Faculties and Literature of Negroes
260 _bTaylor and Francis
260 _c1997
365 _a
365 _b230
856 _uhttp://www.taylorfrancis.com/books/9781315479736
942 _cEBOOK
999 _c1810796
_d1810796